000 00607cam a2200205 a 4500
020 _a0824700414 (hc : alk. paper)
040 _cDLC
082 0 0 _a630 MAR 1998 A039 Or.
245 0 0 _aAgricultural systems modeling and simulation /
260 _aNew York :
_bMarcel Dekker,
_cc1998.
300 _axi, 696 p. :
_bill. ;
_c24 cm.
650 0 _aAgricultural systems
650 0 _aAgricultural systems
650 0 _aAgriculture
650 0 _aAgriculture
700 1 _aPeart, R. M.,
700 1 _aCurry, R. Bruce,
856 4 2 _uhttp://www.loc.gov/catdir/enhancements/fy0647/97036225-d.html
942 _cEK
999 _c12010
_d12010